Discerning God’s Presence and/as Power: Pentecostal Engagements with Davies’ Transformation Theology

Oliver Davies’ Theology of Transformation holds unusual promise for constructive Christian theology and spirituality. This essay describes Davies’ understanding of God’s effective presence in the world, exploring some of the ways Pentecostal theologians might draw on the riches of his account of the...

Full description

Saved in:  
Bibliographic Details
Main Author: Green, Chris E. W. (Author)
Format: Electronic Article
Language:English
Check availability: HBZ Gateway
Interlibrary Loan:Interlibrary Loan for the Fachinformationsdienste (Specialized Information Services in Germany)
Published: 2015
In: Journal of pentecostal theology
Year: 2015, Volume: 24, Issue: 2, Pages: 164-171
IxTheo Classification:FA Theology
KDG Free church
NBC Doctrine of God
Further subjects:B Transcendence immanence presence and absence of God Trinitarian theology miracles
Online Access: Volltext (Publisher)

MARC

LEADER 00000caa a22000002c 4500
001 1562112716
003 DE-627
005 20250319005304.0
007 cr uuu---uuuuu
008 170808s2015 xx |||||o 00| ||eng c
024 7 |a 10.1163/17455251-02402004  |2 doi 
035 |a (DE-627)1562112716 
035 |a (DE-576)492112711 
035 |a (DE-599)BSZ492112711 
040 |a DE-627  |b ger  |c DE-627  |e rakwb 
041 |a eng 
084 |a 1  |2 ssgn 
100 1 |8 1\p  |0 (DE-588)1043449019  |0 (DE-627)770548105  |0 (DE-576)382026047  |4 aut  |a Green, Chris E. W. 
109 |a Green, Chris E. W.  |a Green, Chris W.  |a Green, Chris E. 
245 1 0 |a Discerning God’s Presence and/as Power: Pentecostal Engagements with Davies’ Transformation Theology 
264 1 |c 2015 
300 |a Online-Ressource 
336 |a Text  |b txt  |2 rdacontent 
337 |a Computermedien  |b c  |2 rdamedia 
338 |a Online-Ressource  |b cr  |2 rdacarrier 
520 |a Oliver Davies’ Theology of Transformation holds unusual promise for constructive Christian theology and spirituality. This essay describes Davies’ understanding of God’s effective presence in the world, exploring some of the ways Pentecostal theologians might draw on the riches of his account of the divine presence, as well as raising a few questions about the assumptions, limits, and aims of the Transformation Theology project in general. 
601 |a Transformation 
601 |a Theologe 
650 4 |a Transcendence  |x immanence  |x presence and absence of God  |x Trinitarian theology  |x miracles 
652 |a FA:KDG:NBC 
773 0 8 |i In  |t Journal of pentecostal theology  |d Leiden : Brill, 1992  |g 24(2015), 2, Seite 164-171  |h Online-Ressource  |w (DE-627)341897620  |w (DE-600)2069503-2  |w (DE-576)263021262  |x 1745-5251  |7 nnas 
773 1 8 |g volume:24  |g year:2015  |g number:2  |g pages:164-171 
856 4 0 |u http://dx.doi.org/10.1163/17455251-02402004  |x Verlag  |3 Volltext  |7 1 
883 |8 1\p  |a cgwrk  |d 20250301  |q DE-101  |u https://d-nb.info/provenance/plan#cgwrk 
935 |a mteo 
951 |a AR 
ELC |a 1 
ITA |a 1  |t 1 
LOK |0 000 xxxxxcx a22 zn 4500 
LOK |0 001 2976969809 
LOK |0 003 DE-627 
LOK |0 004 1562112716 
LOK |0 005 20180627120353 
LOK |0 008 170808||||||||||||||||ger||||||| 
LOK |0 040   |a DE-Tue135  |c DE-627  |d DE-Tue135 
LOK |0 092   |o n 
LOK |0 852   |a DE-Tue135 
LOK |0 852 1  |9 00 
LOK |0 935   |a bril 
LOK |0 936ln  |0 1442050470  |a KDG 
LOK |0 936ln  |0 1442051507  |a NBC 
LOK |0 936ln  |0 1442044020  |a FA 
LOK |0 939   |a 08-08-17  |b l01 
ORI |a SA-MARC-ixtheoa001.raw